Southville International School and Colleges
Your cart is empty.
  • Cart
  • Lists
    Public lists Eva Luna New books Lux_list list_1
    Your lists Log in to create your own lists
  • Log in to your account
  • Your cookies
  • Search history
Southville International School and Colleges
  • Advanced search
  • Recent comments
  • Most popular
  • Libraries

Log in to your account

Log in with GOOGLE


If you do not have an external account, but do have a local account, you can still log in:

  1. Home
  2. MARC view: The music connection /
Normal view MARC view ISBD view

The music connection / (Record no. 9973)

[ view plain ]
MARC details
000 -LEADER
fixed length control field 00659nam a22002297a 4500
003 - CONTROL NUMBER IDENTIFIER
control field SISC
005 - DATE AND TIME OF LATEST TRANSACTION
control field 20160318081457.0
008 - FIXED-LENGTH DATA ELEMENTS--GENERAL INFORMATION
fixed length control field 130122t xxu||||| |||| 00| 0 eng d
020 ## - INTERNATIONAL STANDARD BOOK NUMBER
International Standard Book Number 9780382261886
050 ## - LIBRARY OF CONGRESS CALL NUMBER
Classification number MT 740
Item number .M978 1995
082 ## - DEWEY DECIMAL CLASSIFICATION NUMBER
Classification number HS 780.7
Item number M698 1995
100 ## - MAIN ENTRY--PERSONAL NAME
Personal name Ginn, Silver Burdett,
9 (RLIN) 15645
245 ## - TITLE STATEMENT
Title The music connection /
Statement of responsibility, etc Silver Burdett Ginn,
260 ## - PUBLICATION, DISTRIBUTION, ETC. (IMPRINT)
Place of publication, distribution, etc Parsippany ,NJ :
Name of publisher, distributor, etc Silver Burdett Ginn,
Date of publication, distribution, etc c1995.
300 ## - PHYSICAL DESCRIPTION
Extent 382 p, ;
Dimensions 26 cm.
Other physical details ill, ;
562 ## - COPY AND VERSION IDENTIFICATION NOTE
Number of copies 1
650 ## - SUBJECT ADDED ENTRY--TOPICAL TERM
Topical term or geographic name as entry element Music concepts
9 (RLIN) 15646
650 ## - SUBJECT ADDED ENTRY--TOPICAL TERM
Topical term or geographic name as entry element Themes & Styles.
General subdivision Music.
9 (RLIN) 15647
650 ## - SUBJECT ADDED ENTRY--TOPICAL TERM
Topical term or geographic name as entry element reading.
General subdivision Choral.
9 (RLIN) 15648
942 ## - ADDED ENTRY ELEMENTS (KOHA)
Source of classification or shelving scheme Library of Congress Classification
Koha item type Books
Holdings
Withdrawn status Lost status Source of classification or shelving scheme Damaged status Home library Current library Shelving location Date acquired Total Checkouts Full call number Barcode Date last seen Copy number Price effective from Koha item type
    Library of Congress Classification   Luxembourg Library Luxembourg Library High School Section 08/30/2013   MT 740 .M978 1995 8282 03/18/2016 1 08/30/2013 Books

The music connection /

APA

Ginn S. B., . (1995). The music connection. Parsippany ,NJ: Silver Burdett Ginn.

Chicago

Ginn Silver Burdett, . 1995. The music connection. Parsippany ,NJ: Silver Burdett Ginn.

Harvard

Ginn S. B., . (1995). The music connection. Parsippany ,NJ: Silver Burdett Ginn.

MLA

Ginn Silver Burdett, . The music connection. Parsippany ,NJ: Silver Burdett Ginn. 1995.

  • Place hold
  • Print
  • Cite
  • Add to your cart (remove)
  • Save record
    BIBTEX Dublin Core MARCXML MARC (non-Unicode/MARC-8) MARC (Unicode/UTF-8) MARC (Unicode/UTF-8, Standard) MODS (XML) RIS
  • More searches
    Search for this title in:
    Other Libraries (WorldCat) Other Databases (Google Scholar) Online Stores (Bookfinder.com) Open Library (openlibrary.org)

Exporting to Dublin Core...

SOUTHVILLE LIBRARY

Southville International School and Colleges Library

1281 Tropical Ave. Cor. Luxembourg St., BF Homes International, Las Pinas City

Tel. No. 8256374 / 252358 Loc. 117/146

Powered by Koha